| 000 | 01034nac a22003257a 4500 | ||
|---|---|---|---|
| 001 | BR0601039 | ||
| 003 | BR-BrBNA | ||
| 005 | 20240105123258.0 | ||
| 008 | 230509b bl.|||m| |||| 00| 0 por d | ||
| 040 |
_aBR-BrBNA _bpor _cBiblioteca Nacional de Agricultura |
||
| 072 | _aE14; E16; E70 | ||
| 090 | _aE14 BR0601039 | ||
| 110 | 1 |
_aConfederação da Agricultura e Pecuária do Brasil, Brasília, DF (Brasil) _92548 |
|
| 245 | 1 | _aRelatório de Atividades 2004; CNA | |
| 260 | 3 |
_aBrasília, DF (Brasil): _c2005. |
|
| 300 | _a212 p. | ||
| 490 |
_aColetânea Estudos Gleba (Brazil) _vno.35 _x |
||
| 500 | _a115 illus.; 44 tables | ||
| 650 | _aPOLÍTICA DE DESENVOLVIMENTO | ||
| 650 | _aPOLÍTICA AGRÍCOLA | ||
| 650 | _aDESENVOLVIMENTO SÓCIO-ECONÔMICO | ||
| 650 | _aECONOMIA AGRÍCOLA | ||
| 650 | _aBALANÇA COMERCIAL | ||
| 650 | _aEXPORTAÇÃO | ||
| 650 | _aPREÇO | ||
| 650 | _aREFORMA AGRÁRIA | ||
| 650 | _aESTATÍSTICA DE PRODUÇÃO | ||
| 909 |
_a202312 _bLúcia Elande _c55 _dLúcia Elande |
||
| 942 |
_2AGRIS _n0 _cMS |
||
| 999 |
_c294751 _d294751 |
||